000 00628cab a2200241 4500
001 WB3108-20
008 090401t1995 xxu||||| |||| 00| 0 eng d
035 _a(Sirsi) u9569
041 _aeng
245 _aWhy house prices will fall further
260 _c1995
350 _a0
490 _aSunday Telegraph
_v19 February 1995, Business 4(1)
520 _aLooks at the cycle in house prices since 1943.
650 _aCOMPARISON
650 _aDISPOSABLE INCOME
650 _aHOUSE PRICES
650 _aKLEINWORT BENSON
650 _aPROPERTY CYCLES
690 _aHOUSING-PRICES
942 _n0
948 _c04/03/1997
999 _c5994
_d5994